| 000 | 01548nam a22002657a 4500 | ||
|---|---|---|---|
| 005 | 2012071006226.0 | ||
| 010 | _aB-462399-403 | ||
| 020 |
_a9788184352122 _c125.00 |
||
| 035 | _aB-462399-403 | ||
| 037 |
_adpl _bK.K.Pub/Ven |
||
| 082 | _a881 | ||
| 100 |
_aCharu sheel Singh _950096 |
||
| 245 |
_aTapascharanam and Gitanjali/ _cby Charu Sheel Singh and Rabindranath Tagore |
||
| 260 |
_aNew Delhi _bAdhyayan Publishers _c2010 |
||
| 270 |
_a4378/4B, 105, J.M.D. House, Murari Lal Street, Ansari Road, Daryaganj _bNew Delhi |
||
| 300 |
_a120p _c25cm |
||
| 710 |
_aTagore,Rabindranath _950002 |
||
| 942 |
_2ddc _cEN _h881 _mTAG |
||
| 999 |
_c68363 _d68363 |
||